| 000 | 00630nam a2200193Ia 4500 | ||
|---|---|---|---|
| 003 | OSt | ||
| 005 | 20260202144901.0 | ||
| 008 | 210210b1940 xxu||||| |||| 00| 0 eng d | ||
| 040 | _cAL | ||
| 041 | _aKannada | ||
| 082 | _a852/673 | ||
| 100 |
_aGORURA RAMASVAMI AYYANGAR _9147617 _dಗೊರೂರ ರಾಮಸ್ವಾಮಿ ಅಯ್ಯಂಗಾರ್ |
||
| 245 |
_aSvami vivekanandara bhaktiyoga _bಸ್ವಾಮಿ ವಿವೇಕಾನಂದರ ಭಕ್ತಿಯೋಗ |
||
| 260 |
_aDharavada _b- _c1940 |
||
| 650 |
_aSwami Vivekananda _9147619 |
||
| 690 |
_aKannada Prose _9147621 |
||
| 906 | _a019238 | ||
| 942 |
_2ddc _cBK |
||
| 999 |
_c143360 _d143360 |
||